Daws : (Record no. 10078)
[ view plain ]
| 000 -LEADER | |
|---|---|
| fixed length control field | 00995nam a2200277Ia 4500 |
| 001 - CONTROL NUMBER | |
| control field | 30929315 |
| 003 - CONTROL NUMBER IDENTIFIER | |
| control field | OCoLC |
| 005 - DATE AND TIME OF LATEST TRANSACTION | |
| control field | 20210215155045.0 |
| 008 - FIXED-LENGTH DATA ELEMENTS--GENERAL INFORMATION | |
| fixed length control field | 940811s1994 miuaf 000 0beng d |
| 020 ## - INTERNATIONAL STANDARD BOOK NUMBER | |
| International Standard Book Number | 0891094512 |
| 035 ## - SYSTEM CONTROL NUMBER | |
| System control number | 500838 (c.1) |
| 035 ## - SYSTEM CONTROL NUMBER | |
| System control number | 500840 (c.2) |
| 040 ## - CATALOGING SOURCE | |
| Original cataloging agency | JEV |
| Transcribing agency | JEV |
| 050 ## - LIBRARY OF CONGRESS CALL NUMBER | |
| Item number | SK628D |
| 082 ## - DEWEY DECIMAL CLASSIFICATION NUMBER | |
| Item number | SK628D |
| 092 ## - LOCALLY ASSIGNED DEWEY CALL NUMBER (OCLC) | |
| Classification number | 266.0092 |
| Item number | T858S2 |
| 100 1# - MAIN ENTRY--PERSONAL NAME | |
| Personal name | Skinner, Betty Lee |
| 245 10 - TITLE STATEMENT | |
| Title | Daws : |
| Remainder of title | a man who trusted God : the inspiring life and compelling faith of Dawson Trotman, founder of the Navigators / |
| Statement of responsibility, etc. | Betty Lee Skinner |
| 260 ## - PUBLICATION, DISTRIBUTION, ETC. | |
| Place of publication, distribution, etc. | Colorado Springs, Colo. : |
| Name of publisher, distributor, etc. | NAVPRESS, |
| Date of publication, distribution, etc. | 1994, c1974 |
| 300 ## - PHYSICAL DESCRIPTION | |
| Extent | 389 p., [2] p. of plates : |
| Other physical details | ill. ; |
| Dimensions | 22 cm |
| 500 ## - GENERAL NOTE | |
| General note | Originally published: Daws : the story of Dawson Trotman, founder of the Navigators. Grand Rapids, Mich. : Zondervan, 1974 |
| 600 10 - SUBJECT ADDED ENTRY--PERSONAL NAME | |
| Personal name | Trotman, Dawson E |
| 610 20 - SUBJECT ADDED ENTRY--CORPORATE NAME | |
| Corporate name or jurisdiction name as entry element | Navigators, The |
| General subdivision | History |
| 740 01 - ADDED ENTRY--UNCONTROLLED RELATED/ANALYTICAL TITLE | |
| Uncontrolled related/analytical title | Daws : the story of Dawson Trotman, founder of the Navigators |
| 942 ## - ADDED ENTRY ELEMENTS (KOHA) | |
| Source of classification or shelving scheme | Dewey Decimal Classification |
| Koha item type | Books |
| Withdrawn status | Lost status | Source of classification or shelving scheme | Damaged status | Not for loan | Collection code | Home library | Current library | Shelving location | Date acquired | Total Checkouts | Full call number | Barcode | Date last seen | Price effective from | Koha item type |
|---|---|---|---|---|---|---|---|---|---|---|---|---|---|---|---|
| Dewey Decimal Classification | Non-fiction | Harvest Mission College | Harvest Mission College | General Stacks | 17.02.2021 | 266 SK628D | 011629 | 17.02.2021 | 17.02.2021 | Books |
